| 000 | 01080nam a2200265 i 4500 | ||
|---|---|---|---|
| 001 | bg | ||
| 245 | 0 |
_aEkonomiczno-społeczne problemy rozwoju wojewódstwa leszczyńskiego w latach 1990- 1994 / _cPraca pod red. Tadeusza Mendla ; Wyższa Szkoła Marketingu i Zarządzania w Lesznie, Urząd Wojewódzki w Lesznie, Urząd Miasta Leszna, Redakcja Dziennika "ABC". |
|
| 260 |
_aLeszno : _bLeszczyńska Oficyna Wydawnicza, _c1995. |
||
| 300 |
_a211 s. : _brys. ; _c22 cm. |
||
| 504 | _aBibliogr. przy ref. | ||
| 650 | 9 |
_aRegionalizacja gospodarcza _xpolityka _zPolska _yod 1989 r. |
|
| 650 | 9 |
_aLeszno, okręg _xgospodarka _zPolska _yod 1989 r. |
|
| 655 | _aMateriały konferencyjne | ||
| 700 | 1 |
_aMendel, Tadeusz. _eRed. |
|
| 710 | _aWyższa Szkoła Marketingu i Zarządzania w Lesznie | ||
| 710 |
_aUrząd wojewódski w Lesznie _bUrząd miasta |
||
| 710 | _aRedakcja Dziennika "ABC" | ||
| 020 | _a8390333805 | ||
| 040 | _cBPK | ||
| 041 | _apl | ||
| 080 | _a332.1(438)"1989/..."(061) | ||
| 920 | _a83-903338-0-5 | ||
| 942 | _cKS | ||
| 008 | s pl f |000 0 pol | ||
| 999 |
_c35365 _d35365 |
||
| 856 |
_uhttp://koha.tu.koszalin.pl/cgi-bin/koha/opac-detail.pl?biblionumber=35365 _yKatalog online BPK |
||